İmece : (Record no. 200131149)

MARC details
000 -LEADER
fixed length control field 00729 a2200229 4500
001 - CONTROL NUMBER
control field 200131149
003 - CONTROL NUMBER IDENTIFIER
control field TR-AnTOB
005 - DATE AND TIME OF LATEST TRANSACTION
control field 20260107143235.0
008 - FIXED-LENGTH DATA ELEMENTS--GENERAL INFORMATION
fixed length control field 140107s tu 000 0
040 ## - CATALOGING SOURCE
Original cataloging agency TR-AnTOB
Transcribing agency TR-AnTOB
041 ## - LANGUAGE CODE
Language code of text/sound track or separate title Türkçe
050 ## - LIBRARY OF CONGRESS CALL NUMBER
Classification number JC337
Item number I44 2013
090 ## - LOCALLY ASSIGNED LC-TYPE CALL NUMBER (OCLC); LOCAL CALL NUMBER (RLIN)
Classification number (OCLC) (R) ; Classification number, CALL (RLIN) (NR) JC337.44 2013
245 10 - TITLE STATEMENT
Title İmece :
Remainder of title Sivi toplum destekleri /
Statement of responsibility, etc. T.C Başbakanlık Yurtdışı Türkler ve Akraba Topluluklar Başkanlığı.
264 #1 - PRODUCTION, PUBLICATION, DISTRIBUTION, MANUFACTURE, AND COPYRIGHT NOTICE
Place of production, publication, distribution, manufacture Ankara:
Name of producer, publisher, distributor, manufacturer Sim,
Date of production, publication, distribution, manufacture, or copyright notice 2013
300 ## - PHYSICAL DESCRIPTION
Extent 183 s. :
Other physical details res. ;
Dimensions 23 cm.
650 0# - SUBJECT ADDED ENTRY--TOPICAL TERM
9 (RLIN) 115094
Topical term or geographic name entry element Democracy
650 07 - SUBJECT ADDED ENTRY--TOPICAL TERM
Topical term or geographic name entry element Demokrasi
General subdivision Tarih
Source of heading or term etuturkob
9 (RLIN) 7136
Topical term or geographic name entry element Sivil toplum
Source of heading or term etuturkob
9 (RLIN) 9435
710 1# - ADDED ENTRY--CORPORATE NAME
Corporate name or jurisdiction name as entry element Türkiye.
Subordinate unit Yurtdışı Türkler ve Akraba Topluluklar Başkanlığı
9 (RLIN) 93316
942 ## - ADDED ENTRY ELEMENTS (KOHA)
Koha item type Book
Source of classification or shelving scheme Library of Congress Classification
Holdings
Withdrawn status Lost status Source of classification or shelving scheme Not for loan Collection code Home library Current library Shelving location Date acquired Source of acquisition Inventory number Total Checkouts Total Holds Full call number Barcode Copy number Date shelved Koha item type
    Library of Congress Classification Ödünç Verilebilir / Available Genel Koleksiyon Merkez Kütüphane Merkez Kütüphane Genel Koleksiyon / Main Collection 07/01/2014 Bağış / Donation SUİ     JC337 .44 2013 0043618 1 07/01/2014 Book
Devinim Yazılım Eğitim Danışmanlık tarafından Koha'nın orjinal sürümü uyarlanarak geliştirilip kurulmuştur.